000 00336nam a2200133Ia 4500
008 150201s2009 xx 000 0 und d
082 _a616.01
_bP09R
100 _aRADHWA,VS
245 _aPRACTICALS & VIVAL IN MEDICAL MICRIOBIOLOGY
250 _a2ND
260 _bELSEVIER
_aDELHI
_c2009
650 _aMICROBIOLOGY
942 _2ddc
_cBK
_013
999 _c1104
_d1104